Statistics for 3 Cities for 1 Country

Click here to take the quiz!

General Stats

  • This quiz has been taken 27 times
  • The average score is 9 of 15

Answer Stats

HintAnswer% Correct
Krabi, Thani, PhuketThailand
92%
Dubrovnik, Rijeka, SplitCroatia
84%
Tangier, Agadir, MeknesMorocco
84%
Cusco, Arequipa, CajamarcaPeru
84%
Dunedin, Rotorua, HamiltonNew Zealand
76%
Evora, Aveiro, FaroPortugal
68%
Bursa, Adana, SamsunTurkey
68%
Hue, Dalat, VinhVietnam
60%
Ipoh, Kuching, MiriMalaysia
56%
Jurmala, Jeljava,VentspilsLatvia
44%
Encarnacion, Hernandarias, CaacupeParaguay
44%
Cartago, Limon, AlajuelaCosta Rica
36%
Lankaran, Sheki, GanjaAzerbaijan
32%
Sur, Sohar,SeebOman
32%
Nakuru, Voi, EldoretKenya
16%

Score Distribution

Percentile by Number Answered

Percent of People with Each Score

Your Score History

You have not taken this quiz